000 04665nab a2200289 i 4500
003 BR-BrBNA
005 20231205133727.0
008 231205b2018 bl.qr|pooa||| 00| 0 por |
040 _aBR-BrBNA
_bpor
072 _aP34
100 _aRodrigues, Luciana Aparecida
100 _aBarroso, Deborah Guerra
100 _aFiqueiredo, Fábio Afonso M. M. de Assis
245 _aFungos micorrízicos arbusculares no crescimento e na nutrição mineral de mudas de Tectona grandis L. F.
500 _aPublicação on-line; 31 ref.; 4 tables; Summaries (En, Pt)
520 _a RESUMO Associações simbióticas de espécies arbóreas com fungos micorrízicos podem proporcionar o maior crescimento e nutrição das mudas, sendo alternativas importantes para o estabelecimento no campo, principalmente em áreas com restrições edáficas ou para espécies com alta exigência nutricional. No Brasil, o cultivo de Tectona grandis (teca) tem sido realizado em regiões do cerrado, em solos de baixa fertilidade. O presente trabalho objetivou avaliar o efeito da inoculação de fungos micorrízicos arbusculares (FMAs) sobre o crescimento e nutrição mineral de mudas de teca. O experimento foi realizado em delineamento em blocos casualizados (seis blocos), com quatro tratamentos: 1) Testemunha (sem inoculação de fungos micorrízicos); 2) Inoculação com Rhizophagus clarus; 3) Inóculo de FMAs obtido de plantio de teca no Mato Grosso (inóculo MT) com vinte anos; e 4) Inóculo de FMAs nativos de cava de extração de argila de Campos dos Goytacazes (inóculo de Campos). As plântulas foram inoculadas e cultivadas em vasos de 6 dm3, por 135 dias, e foram avaliadas quanto à altura e ao diâmetro da base do caule. Amostras de raízes foram coletadas para avaliação da porcentagem de colonização com FMAs. As raízes e a parte aérea foram secas, separadamente, em estufa de circulação forçada de ar (a 650 C por 72 horas) e em seguida determinada a massa seca e teores de P, K e S. A inoculação com fungos micorrízicos, principalmente o isolado de Rhizophagus clarus e o inóculo de Campos, proporcionou maior crescimento e maior aquisição em relação a K e S das mudas de teca. A inoculação com os fungos micorrízicos proporcionou maior eficiência de utilização de nutrientes. Palavras-chave: Teca; micorrizas; produção de mudas.
520 _a ABSTRACT Symbiotic associations between tree species and mycorrhizal fungi may lead to better growth and nutrition of seedlings and so it becomes an important alternative to the establishment in the field, mainly in edaphic restriction areas, or to species of high nutritional demands. The cultivation of Tectona grandis (teca) in Brazil has been conducted in Cerrado areas with low fertility soils. The aim of the present study is to assess the effect of arbuscular mycorrhizal fungi (AMF) inoculation on the growth and mineral nutrition of teca seedlings. The experiment was performed in randomized blocks (six blocks), with four repetitions: 1) witness (inoculation-free mycorrhizal fungi); 2) inoculation with Rhizophagus clarus; 3) native AMF inoculum from twenty-year old teca cultivation in Mato Grosso state (MT inoculum); and 4) native AMF inoculum from clay extraction in Campos do Goytacazes (Campos inoculum). The plantlets were inoculated and cultivated in 6 dm³ pots for 135 days and assessed for stem hight and diameter of the stem base. Root samples were collected in order to assess the percentage of AMF colonization. The roots and the aerial part were dried, separately, in a forced air circulation oven at 65°C for 72 hours. Subsequently, the dry weight and the content of P, K AND S were determined. The mycorrhizal fungi inoculation, mainly the Rhizophagus clarus isolate and the Campos inoculum, has promoted better growth and K and S acquisition by teca seedlings. The inoculation using mycorrhizal fungi allowed greater nutrient use efficiency. Keywords: Teca; mycorrhizae; seedling production.
650 _aTECA
650 _aMICORRIZA
650 _aPRODUÇÃO
650 _aMUDA
650 _aTECTONA GRANDIS
773 0 _04065
_9198128
_dSanta Maria-RS Universidade Federal de Santa Maria - Centro de Pesquisas Florestais.Departamento de Ciências Florestais. Programa de Pós-Graduação em Engenharia Florestal 1991
_o2023-437009
_tCiência Florestal (Brazil)
_x0103-9954; 1980-5098 (on-line)
_gv. 28(1) p. 25-34; (Jan-Mar 2018)
_wBR2023001419
856 _uhttps://www.scielo.br/j/cflo/a/sYjg68QXYRNT7zNfZsgXqJF/?format=pdf&lang=pt
942 _cAnalítica
999 _c259810
_d259810